000 00340nam a2200133Ia 4500
008 240624s9999 xx 000 0 und d
041 _aeng
082 _a006.3 SUG
100 _aSUGUMARAN VIJAYAN
245 _aCOMPUTATIONAL INTELLIGENCE APPLICATIONS
260 _c2017
_aLondon
_bCRC Press
300 _axv, 362 p.; 23 cm.
365 _c
_b30
999 _c30489
_d30489